Loreto College Library, Kolkata
WEBOPAC (ONLINE PUBLIC ACCESS CATALOGUE)

Anuvad kala (Record no. 37599)

MARC details
000 -LEADER
fixed length control field 00561nam a2200193Ia 4500
008 - FIXED-LENGTH DATA ELEMENTS--GENERAL INFORMATION
fixed length control field 131103s9999 xx 000 0 und d
020 ## - ISBN | অাই এস বি এন
ISBN | অাই এস বি এন 9.79E+12
PRICE Rs.250.00
040 ## - CATALOGING SOURCE
Original cataloging agency Loreto College
041 ## - LANGUAGE CODE
Language code English
082 ## - DDC | ডিউই
Classification number | বর্গসংখ্যা 491.43/BHA
Book Number | গ্রন্থাঙ্ক LCLIB/HINSEMLIB 823,835/49041,49063
100 ## - MAIN ENTRY--PERSONAL NAME | মুখ্য সংলেখ - ব্যাক্তিনাম
Personal name | ব্যাক্তিনাম Bhatia,Kailash Chandra
245 ## - TITLE STATEMENT | অাখ্যা বিবরণী
Title | অাখ্যা Anuvad kala
Sub title | উপঅাখ্যা Siddhant aur prayog
Statement of responsibility | লেখকের দায়িত্বের বিবরণ Kailash Chandra Bhatia
260 ## - IMPRINT | প্রকাশনা ক্ষেত্র
Place of publication | প্রকাশ স্থান New Delhi
Name of publisher | প্রকাশকের নাম Takshila Prakashan
Date of publication | প্রকাশ কাল 2008
300 ## - PHYSICAL DESCRIPTION |
Page / Vol. No | পৃষ্ঠা / খন্ড সংখ্যা 190p
650 ## - SUBJECT ADDED ENTRY--TOPICAL TERM | বিষয় শিরোনাম - মূল বিষয়
Topical term | মূল বিষয় Hindi language
651 ## - SUBJECT ADDED ENTRY--GEOGRAPHIC NAME | বিষয় শিরোনাম - ভৌগলিক নাম
Geographic name | ভৌগলিক বিষয় Hindi grammar
850 ## - HOLDING INSTITUTION
Holding institution LCLIB/
942 ## - ADDED ENTRY ELEMENTS (KOHA)
Koha item type Books
Holdings
Withdrawn status Lost status Damaged status Not for loan Home library Current library Date acquired Total Checkouts Full call number Accession No. Date last seen Price effective from Koha item type
        Loreto College Loreto College 04/11/2013   491.43/BHA LCLIB/HINSEMLIB 823,835/49041,49063 B40845 04/11/2013 04/11/2013 Books
        Loreto College Loreto College 04/11/2013   491.43/BHA LCLIB/HINSEMLIB 823,835/49041,49063 B40846 04/11/2013 04/11/2013 Books